| 000 | 01092nam a22003137a 4500 | ||
|---|---|---|---|
| 003 | CHAP | ||
| 005 | 20220329133948.0 | ||
| 008 | 971013s1976 r 00010 d | ||
| 010 | _a13289 | ||
| 011 | _a14261 | ||
| 035 | _a18334 | ||
| 040 | _cCHAP | ||
| 082 |
_a338.9 _bC38 |
||
| 100 | 0 | 0 |
_aCastañeda, Jorge. _919951 |
| 245 |
_aDerecho económico internacional _b: análisis jurídico de la carta de derechos y deberes económicos de los estados |
||
| 260 |
_aMéxico, D.F. : _bFondo de Cultura Economíca, _c1976 |
||
| 300 | _a422 p. | ||
| 490 | _aSección de obras de política y derecho | ||
| 590 |
_aBATCH-UPD _b10 _c20130110 _lUCH01 _h1316 |
||
| 590 |
_aBATCH-UPD _b10 _c20130410 _lUCH01 _h0827 |
||
| 590 |
_aBATCH-UPD _b10 _c20130914 _lUCH01 _h1143 |
||
| 590 |
_aCONVERSION _b10 _c20130109 _lUCH01 _h1309 |
||
| 650 | 1 | 4 |
_aDerecho económico. _931887 |
| 650 | 1 | 4 |
_aDerecho internacional. _931889 |
| 830 | 0 |
_aSección de obras de política y derecho _9103509 |
|
| 901 | _aBK | ||
| 942 | _cLIBRO | ||
| 949 |
_a338.9 C38 _bBC _cLIBRO _d33724000416855 _eLIBRO _gI.c/e _h64398 _i18334 _si _t1210.00 |
||
| 999 |
_c13289 _d13289 |
||